Every Premier League Goalscorer for Ipswich Town - Statistics

General Stats
  • This quiz has been taken 83 times
    18 since last reset
  • The average score is 18 of 58
Answer Stats
Player % Correct
Liam Delap
92%
Leif Davis
83%
Omari Hutchinson
75%
Ben Johnson
67%
Gavin Johnson
67%
George Hirst
67%
Jens Cajuste
67%
Sam Morsy
67%
Conor Chaplin
58%
Jack Taylor
58%
Jacob Greaves
58%
Sam Szmodics
58%
Geraint Williams
50%
Jaden Philogene
42%
John Wark
42%
Marcus Stewart
42%
Darren Bent
33%
Jason Dozzell
33%
Marcus Bent
33%
Matt Holland
33%
Nathan Broadhead
33%
Neil Thompson
33%
Alun Armstrong
25%
Chris Kiwomya
25%
Hermann Hreiðarsson
25%
Jermaine Wright
25%
Jim Magilton
25%
Julio Enciso
25%
Martijn Reuser
25%
Richard Naylor
25%
Titus Bramble
25%
Adrián Paz
17%
Alex Mathie
17%
Boncho Genchev
17%
Claus Thomsen
17%
Finidi George
17%
Frank Yallop
17%
Ian Marshall
17%
James Scowcroft
17%
Jamie Clapham
17%
John McGreal
17%
Lee Chapman
17%
Mark Venus
17%
Simon Milton
17%
Steve Palmer
17%
Steve Sedgley
17%
Stuart Slater
17%
Adam Tanner
8%
David Gregory
8%
David Linighan
8%
Eddie Youds
8%
Fabian Wilnis
8%
Mark Burchill
8%
Mick Stockwell
8%
Paul Mason
8%
Sixto Peralta
8%
Steve Whitton
8%
Thomas Gaardsøe
8%
No matching quizzes found
Score Distribution
Percent of People with Each Score
Percentile by Number Answered
Your Score History
You have not taken this quiz since the last reset